| 000 | 00351nam a2200133Ia 4500 | ||
|---|---|---|---|
| 008 | 240624s9999 xx 000 0 und d | ||
| 041 | _aeng | ||
| 082 | _a387.7 VAS | ||
| 100 | _aVASIGH BIJAN | ||
| 245 | _aAIRCRAFT FINANCE STRATEGIES FOR MANAGING | ||
| 260 |
_c2012 _aUSA _bJ Ross Publishing |
||
| 300 | _axxiii, : 384 : p. : cm. ; 23 | ||
| 365 |
_c _b25 |
||
| 999 |
_c23202 _d23202 |
||